1573 1201 1088 1258 1977 1097 1530 1064 1924 1910 1767 1117 1864 1273 1599 1064 1881 1520 1885 1818 1761 1572 1127 1976 1828 1367 1431 1665 1581 1122 1117 1351 1452 1968 1649 1198 1701 1700 1406 1878 1561 1828 1730 1287 1431 1491 1597 1547 1713 1386 1299 1772 1354 1827 1148 1995 1951 1702 1315 1992 1399 1295 1325 1044 1356 1400 1014 1656 1645 1129 1187 1502 1947 1819 1192 1007 1293 1587 1145 1656 1060 1158 1229 1443 1296 1667 1697 1621 1372 1905 1249 1156 1215 1160 1374 1863 1873 1509 1834 BCNSPRNW ULIB Ver.6.0+V

เปลี่ยนเป็นภาษาไทย

Change to English
 แสดงรายละเอียดบรรณานุกรม
  กลับหน้าหลัก

Brief Record : Get Marc (ISO 2709) : E-mail record : QR code < ปิดหน้าต่าง
LEADER : 00000nam 2200000uu 4500
001    13399112895
003     ULIB
008    110916s2553||||th 000 0 tha d
020    9786165000284
090    นว.^bล258พ 2553
100 0  ลัลล์ลลิล
245 00 เพลิงพิรุณ/^cลัลล์ลลิล
250    พิมพ์ครั้งที่ 1
260    กรุงเทพฯ :^bพิมพ์คำ,^c2553
300    447 หน้า
945    ^p260^l0^i16988
995    กัณชพร
999    ^aใช้งานได้ทุกระบบ
รายการนี้ยังไม่มีแท็ก
คุณยังไม่ได้ล็อกอิน คุณสามารถมีกิจกรรมร่วมกับเว็บไซต์ได้ แต่ต้องล็อกอินก่อน ::
  ล็อกอิน

รายการสื่อสารสนเทศ

ลำดับที่ ประเภท เลขเรียก/บาร์โค้ด สถานที่ สถานะ
1. วิทยาศาสตร์การแพทย์ และสุขภาพ
วิทยาศาสตร์การแพทย์ และสุขภาพ
นว. ล258พ 2553  
  Barcode: 16988
ห้องสมุดวิทยาเขตสวรรค์ประชารักษ์
►นวนิยาย
บนชั้น
  ขอยืม

รายการใกล้เคียง
    ผู้แต่ง [ลัลล์ลลิล]

BibComment


ยังไม่เคยถูกคอมเมนท์

คอมเมนท์ทรัพยากรรายการนี้
  คอมเมนท์: เพลิงพิรุณ ลัลล์ล..


 Copyright 2026. Bcnsprnw @Library